| 000 | 00464nam a2200121 a 4500 | ||
|---|---|---|---|
| 008 | 120416s2003 ||||||||||||||||| || u | ||
| 050 | _aTHESIS | ||
| 100 | _aNguni, Mutumbi | ||
| 245 | 1 | 0 | _aOptimisation of charge dryer efficiency and throughput |
| 260 |
_aKitwe _bCopperbelt University, School of Technology _c2003 |
||
| 350 | _a0.00 | ||
| 995 |
_D0.00 _FCBU-MAIN LIBRARY (Kitwe) _H1 _I0.00 _UAVAILABLE _ZUniversity Collection |
||
| 999 |
_c52721 _d52721 |
||